000 01424naa a22003617a 4500
001 BR8805805
003 BR-BrBNA
005 20240918180315.0
007 ta
008 230509b bl.||||| |||| 00| 0 por d
040 _aBR-BrBNA
_bpor
_cBiblioteca Nacional de Agricultura
041 _a(Pt)
072 _aL72
_b5212
_b5240
_b5250
_b4020
_b3882
090 _aL72 BR8805805
100 1 _aAmaral, N.K.
111 1 _a1. Seminario sobre Controle de Artropodos de Importancia Veterinaria
_cCampinas, SP (Brazil)
_d13-14 Jul 1987
245 1 _aControle de Cochliomyia hominivorax (Coquerel, 1858)nas Americas
246 1 _a[Control of Cochliomyia hominivorax (Coquerel, 1858)in America]
246 1 _a[Reunion on arthropods control. Annals -1]
260 3 _aCampinas, SP (Brasil):
_c1988.
500 _aGuimaraes, J.H. (ed.) Seminario sobre Controle de Artropodos de Importancia Veterinaria. Anais - 1 Campinas, SP (Brasil): 1988. p. 39-53 (BR8805805-AM)L72
650 _aBOVINO
650 _aOVINO
650 _aCAPRINO
650 _aMOSCA
650 _aMIIASE
650 _aISCA
650 _aARMADILHA
650 _aERRADICACAO
773 0 _tSeminario sobre Controle de Artropodos de Importancia Veterinaria. Anais - 1
_aGuimaraes, J.H. (ed.). Fundacao Cargill, Campinas, SP (Brasil)
_wL72 BR8805805
_gCampinas, SP (Brasil), 1988. p. 39-53
909 _a202404
_bLucia
_c55
_dLucia Elande
942 _cAM
_2AGRIS
999 _c319717
_d319717